The tree of desire : a Toraja ritual poem

Bibliographic Details
Published in:To speak in pairs, ed. by James J. Fox, Cambridge, 1988, P. 282-306 (Cambridge studies in oral and literate culture)
Main Authors: Zerner, Charles, Volkman, Toby A.
Content type: Article
Published: 1988
Source:MPIPL_cat

MARC

LEADER 00000naa a2200000 u 4500
001 PL0052341
003 PLI01000000000000000052074
005 00000000000000.0
008 ||| u
100 1 |a Zerner, Charles 
245 0 0 |a The tree of desire  |b a Toraja ritual poem  |c Charles Zerner, Toby A. Volkman 
260 |c 1988 
700 1 |a Volkman, Toby A. 
773 0 8 |t To speak in pairs  |a ed. by James J. Fox  |d Cambridge, 1988  |g P. 282-306  |k Cambridge studies in oral and literate culture  |w MPIPL_cat.PL0052330  |z 0-521-34332-1  |i In: 
952 |j 1988  |h P. 282-306 
996 |a Aufsatz 
997 |a book chapter